DTM Drivers 2020 - Statistics

General Stats
  • This quiz has been taken 128 times
  • The average score is 9 of 16
Answer Stats
Team Country Driver % Correct
Orlen Team ART POL Robert Kubica
81%
Audi Sport Team Rosberg GER René Rast
79%
BMW Team RBM RSA Sheldon van der Linde
76%
BMW Team RMG GER Marco Wittmann
66%
Audi Sport Team Abt Sportsline SUI Nico Müller
66%
BMW Team RBM AUT Philipp Eng
57%
BMW Team RMG GER Timo Glock
57%
BMW Team RMR AUT Lucas Auer
56%
Audi Sport Team Phoenix GER Mike Rockenfeller
54%
Audi Sport Team Rosberg GBR Jamie Green
53%
Audi Sport Team Abt Sportsline NED Robin Frijns
52%
Audi Sport Team Phoenix FRA Loïc Duval
42%
WRT Team Audi Sport AUT Ferdinand Habsburg
36%
BMW Team RMR RSA Jonathan Aberdein
34%
WRT Team Audi Sport SUI Fabio Scherer
29%
WRT Team Audi Sport GBR Harrison Newey
28%
No matching quizzes found
Score Distribution
Percent of People with Each Score
Percentile by Number Answered
Your Score History
You have not taken this quiz